000 00372nam a22001577a 4500
003 MPLRDC
005 20220104142829.0
008 210129b ||||| |||| 00| 0 eng d
082 _a857.63 MJ v.11
100 _a孟君
245 _a三个男人
_c
260 _a
_b海滨图书公司
_c
300 _b
650 _a短篇小说--别集
942 _cBK
_o857.63 MJ v.11
999 _c34053
_d34043